[Event "Forcing Moves First Spring-3 Section 2"]
[Site "Mississauga CAN"]
[Date "2023.06.25"]
[Round "5.16"]
[White "Huang, Eric"]
[Black "Grynszpan, Alexander"]
[Result "1/2-1/2"]
[WhiteElo "1420"]
[BlackElo "1222"]
[PlyCount "67"]
[EventDate "2023.06.24"]
[EventType "swiss"]
[EventRounds "5"]
[EventCountry "CAN"]

1. d4 Nf6 2. c4 e6 3. Nf3 b6 4. Bg5 Bb7 5. e3 Be7 6. Bd3 Ne4 7. Bxe7 Qxe7 8.
O-O O-O 9. Qc2 d5 10. cxd5 exd5 11. Nc3 Nd7 12. Rac1 Ndf6 13. Ne5 c5 14. Nf3 c4
15. Be2 a6 16. a4 Nxc3 17. bxc3 Ne4 18. Nd2 b5 19. Nxe4 dxe4 20. Ra1 f5 21. Qd2
Bc6 22. f3 exf3 23. Bxf3 Be4 24. Bxe4 Qxe4 25. Rf4 Qd5 26. Qb2 Rae8 27. Rf3 Re4
28. axb5 axb5 29. Ra7 Rf7 30. Rxf7 Kxf7 31. Qf2 g6 32. Rf4 Qa8 33. Rxe4 Qxe4
34. Qd2 1/2-1/2

[Event "Forcing Moves First Spring-3 Section 2"]
[Site "Mississauga CAN"]
[Date "2023.06.25"]
[Round "5.17"]
[White "Routray, Anshuman"]
[Black "Guan, Marie"]
[Result "0-1"]
[WhiteElo "1181"]
[BlackElo "1261"]
[PlyCount "68"]
[EventDate "2023.06.24"]
[EventType "swiss"]
[EventRounds "5"]
[EventCountry "CAN"]

1. d4 d5 2. Bf4 c5 3. c3 e6 4. Nf3 Nf6 5. e3 Nc6 6. Bd3 c4 7. Bc2 Be7 8. Nbd2
O-O 9. O-O Bd6 10. Ne5 Bxe5 11. dxe5 Nd7 12. Nf3 Qc7 13. Nd4 Ncxe5 14. Qh5 g6
15. Qg5 f6 16. Qg3 Qb6 17. Rab1 Nf7 18. Bc7 Qa6 19. a4 e5 20. Nb5 Nc5 21. Ra1
Bd7 22. Rfd1 Bxb5 23. axb5 Qxb5 24. Rdb1 b6 25. Qf3 Qc6 26. Rd1 Qxc7 27. Rxd5
f5 28. Rad1 e4 29. Qe2 Nd3 30. Rb5 a6 31. Rd5 Qc6 32. Rd4 b5 33. Qd2 a5 34. b3
Ng5 0-1

[Event "Forcing Moves First Spring-3 Section 2"]
[Site "Mississauga CAN"]
[Date "2023.06.25"]
[Round "5.18"]
[White "Chunchu, Ashwin"]
[Black "Jia, Jasper Yunjie"]
[Result "1-0"]
[WhiteElo "1437"]
[BlackElo "1144"]
[PlyCount "69"]
[EventDate "2023.06.24"]
[EventType "swiss"]
[EventRounds "5"]
[EventCountry "CAN"]

1. e4 c5 2. c3 e5 3. Nf3 d6 4. Bc4 Nc6 5. d3 Bg4 6. Qb3 Qd7 7. Ng5 Bh5 8. g4
Na5 9. Qb5 Nxc4 10. Qxd7+ Kxd7 11. gxh5 Nxb2 12. Bxb2 Nh6 13. Nd2 f6 14. Ngf3
Be7 15. Rg1 Rhg8 16. d4 cxd4 17. cxd4 Rad8 18. Rc1 Nf7 19. Nh4 Ng5 20. Nf5 Bf8
21. h4 Ne6 22. Nh6 Nf4 23. Rc3 exd4 24. Rf3 g5 25. Nxg8 Nxh5 26. Nxf6+ Nxf6 27.
Rxf6 d3 28. hxg5 Be7 29. Rf7 Rc8 30. Nb3 Ke8 31. Rxh7 Rc2 32. Bf6 Bxf6 33. gxf6
d2+ 34. Kd1 Rb2 35. Rg8# 1-0

[Event "Forcing Moves First Summer-1 op"]
[Site "Mississauga CAN"]
[Date "2023.07.29"]
[Round "1.1"]
[White "Jobo, Greg"]
[Black "Nazareno, Merlin"]
[Result "0-1"]
[WhiteElo "2134"]
[BlackElo "1989"]
[PlyCount "64"]
[EventDate "2023.07.29"]
[EventType "swiss"]
[EventRounds "5"]
[EventCountry "CAN"]

1. e4 Nc6 2. Nc3 Nf6 3. g3 d5 4. exd5 Nxd5 5. Bg2 Be6 6. Nge2 Qd7 7. d3 Nxc3 8.
Nxc3 Bh3 9. Be4 h5 10. Bg5 e5 11. Qd2 Bb4 12. a3 Ba5 13. b4 Bb6 14. O-O-O Nd4
15. Ne2 c5 16. Nxd4 cxd4 17. Kb2 Rc8 18. Qe2 Be6 19. Ra1 Qa4 20. Bc1 Rc3 21.
Kb1 O-O 22. Bb2 Rfc8 23. Rc1 Bd8 24. Bxb7 R8c7 25. Be4 Bg5 26. f4 exf4 27. Bxc3
Rxc3 28. gxf4 Bxf4 29. Rf1 Be3 30. Bf5 Bb3 31. Bh7+ Kxh7 32. Qxh5+ Kg8 0-1

[Event "Forcing Moves First Summer-1 op"]
[Site "Mississauga CAN"]
[Date "2023.07.29"]
[Round "1.2"]
[White "Bordas, Gyula"]
[Black "Singh, Mahip"]
[Result "0-1"]
[WhiteElo "1983"]
[BlackElo "2112"]
[PlyCount "122"]
[EventDate "2023.07.29"]
[EventType "swiss"]
[EventRounds "5"]
[EventCountry "CAN"]

1. e4 e5 2. Nf3 Nc6 3. Bb5 a6 4. Ba4 Bc5 5. c3 Nge7 6. d4 exd4 7. cxd4 Bb4+ 8.
Nc3 d5 9. e5 Bg4 10. Be3 O-O 11. Bc2 Qd7 12. a3 Bxc3+ 13. bxc3 f6 14. Qb1 Bf5
15. exf6 Rxf6 16. Bxf5 Nxf5 17. O-O Raf8 18. Qd3 Rg6 19. Rae1 Nfe7 20. Nd2 Qg4
21. g3 Nf5 22. Kh1 Qh3 23. Rg1 Nh6 24. Qf1 Qf5 25. Bxh6 Rxh6 26. Qe2 Qxf2 27.
Qxf2 Rxf2 28. Rg2 Rhf6 29. Kg1 Rxg2+ 30. Kxg2 Kf7 31. Nb3 b6 32. Nc1 Na5 33.
Nd3 Nc4 34. Nb4 c6 35. Nxa6 Re6 36. Rxe6 Kxe6 37. Nb4 Nxa3 38. Na2 Nb1 39. Kf3
Nd2+ 40. Kf4 Kf6 41. Nb4 Nb1 42. Nxc6 Nxc3 43. Ne5 Ke6 44. Nd3 Nb5 45. Ke3 Na3
46. Nf4+ Kd6 47. Kd3 Nc4 48. Nh5 g6 49. Nf6 h5 50. Nh7 Ke6 51. Ng5+ Kf6 52. Nf3
Kf5 53. Nh4+ Kf6 54. Nf3 g5 55. h3 Kf5 56. Ne1 b5 57. Nf3 g4 58. hxg4+ Kxg4 59.
Ne5+ Nxe5+ 60. dxe5 Kf5 61. Kd4 Ke6 0-1

[Event "Forcing Moves First Summer-1 op"]
[Site "Mississauga CAN"]
[Date "2023.07.29"]
[Round "1.3"]
[White "Zhao, Jifan"]
[Black "Abbas, Sahir"]
[Result "1-0"]
[WhiteElo "2097"]
[BlackElo "1962"]
[PlyCount "91"]
[EventDate "2023.07.29"]
[EventType "swiss"]
[EventRounds "5"]
[EventCountry "CAN"]

1. e4 c6 2. d4 d5 3. Nc3 dxe4 4. Nxe4 Bf5 5. Ng3 Bg6 6. h4 h6 7. Nf3 e6 8. h5
Bh7 9. Bd3 Bxd3 10. Qxd3 Nf6 11. Bd2 Be7 12. O-O-O c5 13. Be3 cxd4 14. Bxd4 Nc6
15. Qb5 Qc8 16. Bxf6 a6 17. Qb6 Bxf6 18. Ne4 Be7 19. Nd6+ Bxd6 20. Rxd6 O-O 21.
Rhd1 Rd8 22. Rxd8+ Nxd8 23. Ne5 Nc6 24. Nxc6 Qxc6 25. Qxc6 bxc6 26. Rd7 Rb8 27.
Rc7 Rb6 28. c4 e5 29. b3 Kf8 30. Kc2 f5 31. Kc3 f4 32. c5 Rb5 33. Rxc6 a5 34.
a4 Rb8 35. Re6 Kf7 36. Rxe5 Kf6 37. Re4 Kg5 38. Re5+ Kf6 39. Rd5 Ke6 40. Rd6+
Ke7 41. Rd4 Rf8 42. Kc4 Rf6 43. Kb5 Rf5 44. Kb6 f3 45. g3 Rxh5 46. c6 1-0

[Event "Forcing Moves First Summer-1 op"]
[Site "Mississauga CAN"]
[Date "2023.07.29"]
[Round "1.4"]
[White "Qian, Eric"]
[Black "Kim, Noah"]
[Result "0-1"]
[WhiteElo "1961"]
[BlackElo "2064"]
[PlyCount "94"]
[EventDate "2023.07.29"]
[EventType "swiss"]
[EventRounds "5"]
[EventCountry "CAN"]

1. Nf3 Nf6 2. c4 g6 3. g3 Bg7 4. Bg2 O-O 5. O-O d6 6. Nc3 Nc6 7. d3 e5 8. Bg5
h6 9. Bxf6 Qxf6 10. Rb1 a5 11. a3 Qd8 12. b4 axb4 13. axb4 Ne7 14. Nd2 c6 15.
Nb3 d5 16. Qc2 b6 17. b5 dxc4 18. dxc4 Bf5 19. Ne4 Qc7 20. Qb2 Bxe4 21. Bxe4 f5
22. Bg2 e4 23. Qc1 cxb5 24. cxb5 Qe5 25. Qc4+ Kh7 26. Rfd1 Rac8 27. Qa4 Nd5 28.
Qd4 Qxd4 29. Nxd4 Nc3 30. Ne6 Rf6 31. Nxg7 Nxd1 32. Nh5 Rd6 33. Nf4 Nc3 34. Rb2
g5 35. Nh3 Rd1+ 36. Bf1 f4 37. Rc2 f3 38. exf3 exf3 39. Nf4 gxf4 40. h4 Ne2+
41. Kh2 Rxc2 42. Kh3 h5 43. g4 Rxf1 44. gxh5 Rh1+ 45. Kg4 Rxh4+ 46. Kxh4 Rc5
47. Kg4 Rxb5 0-1

[Event "Forcing Moves First Summer-1 op"]
[Site "Mississauga CAN"]
[Date "2023.07.29"]
[Round "1.5"]
[White "Maulucci, Anthony"]
[Black "D'Souza, Carina"]
[Result "1-0"]
[WhiteElo "2013"]
[BlackElo "1923"]
[PlyCount "67"]
[EventDate "2023.07.29"]
[EventType "swiss"]
[EventRounds "5"]
[EventCountry "CAN"]

1. d4 Nf6 2. c4 g6 3. Nc3 Bg7 4. e4 d6 5. Nge2 O-O 6. f3 a6 7. Be3 b5 8. cxb5
axb5 9. Nxb5 c6 10. Nbc3 Nbd7 11. Ng3 h5 12. Be2 e5 13. d5 cxd5 14. exd5 e4 15.
Ngxe4 Re8 16. O-O Nxe4 17. fxe4 f5 18. Bd4 Ne5 19. Bb5 Rf8 20. Qd2 Rb8 21. a4
Kh7 22. Kh1 Bd7 23. Bxd7 Qxd7 24. exf5 Rxf5 25. Rxf5 Qxf5 26. Nb5 Nc4 27. Qc3
Bxd4 28. Qxd4 Qc2 29. Qa7+ Kh6 30. Qxb8 Qxb2 31. Qf8+ Kh7 32. Rf1 Ne5 33. Nxd6
Qe2 34. Ne8 1-0

[Event "Forcing Moves First Summer-1 op"]
[Site "Mississauga CAN"]
[Date "2023.07.29"]
[Round "1.6"]
[White "Gao, Heye"]
[Black "Brajkovic, Nikola"]
[Result "0-1"]
[WhiteElo "1876"]
[BlackElo "2008"]
[PlyCount "62"]
[EventDate "2023.07.29"]
[EventType "swiss"]
[EventRounds "5"]
[EventCountry "CAN"]

1. e4 e6 2. d4 d5 3. exd5 exd5 4. Bd3 Nf6 5. Nf3 Bg4 6. h3 Bh5 7. c3 Bd6 8. O-O
O-O 9. Nbd2 Nbd7 10. Re1 c6 11. Qb3 Qc7 12. Be2 Rfe8 13. Qd1 Re7 14. Nf1 Rae8
15. Bd2 Ne4 16. Be3 Ndf6 17. Nh4 Nxf2 18. Kxf2 Rxe3 19. Nxe3 Bg3+ 20. Kg1 Rxe3
21. Nf5 Bh2+ 22. Kh1 Ne4 23. Rf1 Bxe2 24. Qe1 Bg3 25. Qc1 Rd3 26. Kg1 Bxf1 27.
Qxf1 Rd2 28. Nxg3 Qxg3 29. Re1 Rxg2+ 30. Qxg2 Qxe1+ 31. Kh2 f5 0-1

[Event "Forcing Moves First Summer-1 op"]
[Site "Mississauga CAN"]
[Date "2023.07.29"]
[Round "1.7"]
[White "Malakar, Saarthak"]
[Black "Jiang, Hancy"]
[Result "0-1"]
[WhiteElo "2004"]
[BlackElo "1851"]
[PlyCount "76"]
[EventDate "2023.07.29"]
[EventType "swiss"]
[EventRounds "5"]
[EventCountry "CAN"]

1. d4 Nf6 2. Nf3 g6 3. g3 Bg7 4. Bg2 O-O 5. c4 d6 6. Nc3 Nbd7 7. O-O e5 8. e3
Nh5 9. Qb3 c6 10. Na4 Qe7 11. Qa3 exd4 12. Nxd4 Nc5 13. Nxc5 dxc5 14. Bd2 Nf6
15. Rfd1 Ne4 16. Be1 Re8 17. Ne2 Ng5 18. Nf4 Bg4 19. Rd3 Nf3+ 20. Bxf3 Bxf3 21.
Bc3 Bh6 22. Bd2 Qe4 23. h3 g5 24. Qxc5 gxf4 25. Rd4 Qe6 26. Kh2 fxe3 27. Rd6
Qe5 28. Qxe5 Rxe5 29. Bc3 Re6 30. Rxe6 fxe6 31. fxe3 Be2 32. b3 Rf8 33. Bd4 b6
34. e4 Rf1 35. Rxf1 Bxf1 36. g4 Bf4+ 37. Kg1 Bxh3 38. Be5 Bxe5 0-1

[Event "Forcing Moves First Summer-1 op"]
[Site "Mississauga CAN"]
[Date "2023.07.29"]
[Round "1.8"]
[White "Miaco, Trifelino"]
[Black "Hansen, Troy"]
[Result "0-1"]
[WhiteElo "1657"]
[BlackElo "1998"]
[PlyCount "88"]
[EventDate "2023.07.29"]
[EventType "swiss"]
[EventRounds "5"]
[EventCountry "CAN"]

1. b3 e5 2. Bb2 Nc6 3. e3 Nf6 4. Bb5 Bd6 5. Na3 a6 6. Bxc6 dxc6 7. Nc4 Qe7 8.
Nf3 e4 9. Nfe5 O-O 10. d4 Rd8 11. Qe2 Nd5 12. O-O-O Bb4 13. c3 Bxc3 14. Kc2
Bxb2 15. Nxb2 f6 16. Nec4 Qb4 17. Qd2 Bg4 18. Rc1 Qe7 19. h3 Be6 20. Kb1 b6 21.
Qc2 Bd7 22. Nd2 Re8 23. g4 Kh8 24. Qc4 Rf8 25. h4 b5 26. Qc5 Qxc5 27. Rxc5 Rae8
28. Rg1 f5 29. g5 g6 30. Rh1 Kg7 31. Rcc1 f4 32. Nf1 fxe3 33. fxe3 Rf3 34. Nd1
h6 35. Nd2 Rf5 36. gxh6+ Kxh6 37. Nc3 Rf2 38. Nxd5 cxd5 39. Rxc7 Bg4 40. Kc1
Rc8 41. Rxc8 Bxc8 42. a3 Re2 43. Nf1 Bg4 44. Rh2 Re1+ 0-1

[Event "Forcing Moves First Summer-1 op"]
[Site "Mississauga CAN"]
[Date "2023.07.29"]
[Round "2.1"]
[White "Singh, Mahip"]
[Black "Maulucci, Anthony"]
[Result "1-0"]
[WhiteElo "2112"]
[BlackElo "2013"]
[PlyCount "95"]
[EventDate "2023.07.29"]
[EventType "swiss"]
[EventRounds "5"]
[EventCountry "CAN"]

1. e4 e6 2. d4 d5 3. e5 c5 4. c3 Nc6 5. Nf3 Qb6 6. Be2 cxd4 7. cxd4 Nh6 8. Bxh6
Qxb2 9. Nbd2 gxh6 10. O-O Be7 11. Re1 O-O 12. Rb1 Qa3 13. Rb3 Qa5 14. Bd3 Kh8
15. Bb1 Rg8 16. Nf1 Qc7 17. Qc1 f5 18. Qxh6 Rg6 19. Qc1 Bd7 20. Ne3 Rc8 21. Qb2
Na5 22. Bxf5 exf5 23. Nxd5 Qd8 24. Nxe7 Qxe7 25. e6 Nxb3 26. exd7 Qxd7 27. Qxb3
Rgc6 28. Qe3 Qc7 29. g3 Rc1 30. Kg2 Rxe1 31. Qxe1 Qd6 32. Qa5 f4 33. Qf5 Rf8
34. Qe4 fxg3 35. hxg3 b5 36. Ng5 Qg6 37. Qe7 Qf5 38. f4 h6 39. Nf3 Rc8 40. Ne5
Rc2+ 41. Kf3 Rc3+ 42. Kg2 Qe4+ 43. Kh3 Qh1+ 44. Kg4 Qd1+ 45. Kf5 Qh5+ 46. Kf6
Rc6+ 47. Nxc6 Qg4 48. Ne5 1-0

[Event "Forcing Moves First Summer-1 op"]
[Site "Mississauga CAN"]
[Date "2023.07.29"]
[Round "2.2"]
[White "Hansen, Troy"]
[Black "Zhao, Jifan"]
[Result "1-0"]
[WhiteElo "1998"]
[BlackElo "2097"]
[PlyCount "71"]
[EventDate "2023.07.29"]
[EventType "swiss"]
[EventRounds "5"]
[EventCountry "CAN"]

1. e4 e6 2. Nf3 d5 3. exd5 exd5 4. d4 h6 5. Bd3 Bd6 6. O-O Qf6 7. Re1+ Ne7 8.
c3 O-O 9. Qc2 c6 10. Nbd2 Bf5 11. Ne5 Bxd3 12. Qxd3 Bxe5 13. Rxe5 Nd7 14. Re2
Ng6 15. Nf3 Rfe8 16. Bd2 Re6 17. Rae1 Rae8 18. Kf1 Ngf8 19. h3 Rxe2 20. Rxe2
Rxe2 21. Kxe2 Qe6+ 22. Kf1 Ng6 23. Ne1 Nf6 24. Be3 Ne4 25. Nf3 Qf5 26. Kg1 Qe6
27. Nd2 f5 28. Nf1 Kh8 29. Bc1 f4 30. Qf3 Qf7 31. Qg4 Kh7 32. h4 f3 33. g3 Nd6
34. Nh2 Qe7 35. Nxf3 Qe2 36. Ng5+ 1-0

[Event "Forcing Moves First Summer-1 op"]
[Site "Mississauga CAN"]
[Date "2023.07.29"]
[Round "2.3"]
[White "Kim, Noah"]
[Black "Nazareno, Merlin"]
[Result "1-0"]
[WhiteElo "2064"]
[BlackElo "1989"]
[PlyCount "89"]
[EventDate "2023.07.29"]
[EventType "swiss"]
[EventRounds "5"]
[EventCountry "CAN"]

1. d4 d5 2. Nf3 Nc6 3. c4 e6 4. Nc3 f5 5. Bg5 Be7 6. Bxe7 Ngxe7 7. e3 O-O 8.
Bd3 Nb4 9. Be2 c6 10. a3 Na6 11. O-O Nc7 12. b4 Ne8 13. cxd5 exd5 14. a4 Nd6
15. b5 Ng6 16. bxc6 bxc6 17. Bd3 Ne4 18. Rc1 Bd7 19. Ne2 Rb8 20. Nf4 Rf6 21.
Nxg6 Rxg6 22. Ne5 Rh6 23. g3 Be8 24. f3 Nxg3 25. hxg3 Qg5 26. Kg2 Qxe3 27. Bxf5
c5 28. Ng4 Rb2+ 29. Rc2 Rxc2+ 30. Bxc2 Qc3 31. Nxh6+ gxh6 32. Qd3 cxd4 33.
Qxh7+ Kf8 34. Qxh6+ Ke7 35. Qg7+ Kd6 36. Qf8+ Kc7 37. Qxe8 Qxc2+ 38. Rf2 Qc3
39. Qf7+ Kb6 40. Qg6+ Ka5 41. Rc2 Qb3 42. Qc6 d3 43. Rc5+ Kb4 44. Rb5+ Kxa4 45.
Qa6# 1-0

[Event "Forcing Moves First Summer-1 op"]
[Site "Mississauga CAN"]
[Date "2023.07.29"]
[Round "2.4"]
[White "Jiang, Hancy"]
[Black "Jobo, Greg"]
[Result "0-1"]
[WhiteElo "1851"]
[BlackElo "2134"]
[PlyCount "104"]
[EventDate "2023.07.29"]
[EventType "swiss"]
[EventRounds "5"]
[EventCountry "CAN"]

1. d4 Nf6 2. Nf3 g6 3. Nbd2 Bg7 4. e3 O-O 5. b3 c5 6. Bb2 b6 7. Bd3 Bb7 8. h4
cxd4 9. exd4 Nc6 10. h5 Nb4 11. Bc4 Qc7 12. hxg6 hxg6 13. a3 Nbd5 14. Kf1 Rac8
15. g3 d6 16. Rc1 Ng4 17. Qe2 a6 18. Ng5 Ngf6 19. Ndf3 b5 20. Nxf7 bxc4 21. Qe6
Ne3+ 22. Qxe3 Bxf3 23. Nh6+ Bxh6 24. Rxh6 Kg7 25. Qg5 Be4 26. f3 Rh8 27. Rxh8
Rxh8 28. fxe4 c3 29. Ba1 Nxe4 30. Qe3 d5 31. Kg2 Rf8 32. Rf1 Rxf1 33. Kxf1
Nxg3+ 34. Kg2 Ne4 35. a4 a5 36. Qf3 g5 37. Qe3 Kg6 38. Qf3 Qc8 39. Kh2 Qh8+ 40.
Kg2 Qxd4 41. Qf8 Qd2+ 42. Kf1 Qd1+ 43. Kg2 Qxc2+ 44. Kf1 Ng3+ 45. Kg1 Ne2+ 46.
Kf1 Ng3+ 47. Kg1 Ne4 48. Qg8+ Kf6 49. Qh8+ Kf5 50. Qf8+ Kg4 51. Qc8+ Kg3 52.
Qb8+ Nd6 0-1

[Event "Forcing Moves First Summer-1 op"]
[Site "Mississauga CAN"]
[Date "2023.07.29"]
[Round "2.5"]
[White "Qian, Eric"]
[Black "Malakar, Saarthak"]
[Result "0-1"]
[WhiteElo "1961"]
[BlackElo "2004"]
[PlyCount "120"]
[EventDate "2023.07.29"]
[EventType "swiss"]
[EventRounds "5"]
[EventCountry "CAN"]

1. Nf3 d5 2. c4 c6 3. g3 Bf5 4. Bg2 e6 5. b3 Nf6 6. Bb2 Bd6 7. O-O h6 8. Nc3
O-O 9. d3 Qe7 10. Re1 Nbd7 11. e4 dxe4 12. dxe4 Bg4 13. h3 Bxf3 14. Bxf3 Rfd8
15. Qc2 e5 16. a3 a5 17. Nd1 Nf8 18. Ne3 g6 19. h4 h5 20. Bg2 Bc5 21. Bh3 Bd4
22. Nf1 Ne6 23. Bxe6 Qxe6 24. Kg2 Rd7 25. Nh2 Rad8 26. Nf3 Ng4 27. Bxd4 exd4
28. Qd3 f6 29. Rad1 Kg7 30. Rd2 c5 31. Rb2 Qe7 32. Reb1 Re8 33. Re1 Qd6 34.
Ree2 b6 35. Red2 Rde7 36. Re2 Qc6 37. Nd2 f5 38. f3 Ne3+ 39. Kg1 Qd6 40. Nf1
Nxf1 41. Kxf1 Qxg3 42. exf5 Qh3+ 43. Kg1 Re3 44. Rxe3 Rxe3 45. Qf1 Qxf5 46. Kg2
Qf4 47. Qf2 Qe5 48. b4 axb4 49. axb4 cxb4 50. Kf1 Qf4 51. Kg2 b3 52. Rb1 Qf7
53. Rc1 Qe6 54. Kg3 Qg4+ 55. Kh2 Rxf3 56. Qg2 Qf4+ 57. Kh1 Qxc1+ 58. Kh2 Qf4+
59. Kh1 Qxh4+ 60. Kg1 Qe1+ 0-1

[Event "Forcing Moves First Summer-1 op"]
[Site "Mississauga CAN"]
[Date "2023.07.29"]
[Round "2.6"]
[White "D'Souza, Carina"]
[Black "Bordas, Gyula"]
[Result "1-0"]
[WhiteElo "1923"]
[BlackElo "1983"]
[PlyCount "97"]
[EventDate "2023.07.29"]
[EventType "swiss"]
[EventRounds "5"]
[EventCountry "CAN"]

1. e4 c5 2. Nf3 d6 3. Bb5+ Bd7 4. Bxd7+ Qxd7 5. c4 Nc6 6. O-O Nf6 7. Nc3 e6 8.
d4 cxd4 9. Nxd4 Rc8 10. Nde2 Be7 11. Bf4 O-O 12. Qd2 Rfd8 13. Rad1 b6 14. b3
Qb7 15. Qe3 a6 16. Rd2 Ne5 17. f3 h6 18. Kh1 Nfd7 19. Rfd1 Qc7 20. h3 Qc5 21.
Na4 Qc7 22. Nac3 Qc5 23. Na4 Qxe3 24. Bxe3 b5 25. cxb5 axb5 26. Nb6 Rb8 27. f4
Nc6 28. Nxd7 Rxd7 29. Bc5 Rbd8 30. Nc3 b4 31. Na4 d5 32. Bb6 Rb8 33. exd5 exd5
34. Rxd5 Rdb7 35. Bc5 Bxc5 36. Nxc5 Ra7 37. R1d2 Rba8 38. Na4 Re8 39. Rc5 Re1+
40. Kh2 Ne7 41. Rb5 Rc7 42. Rxb4 Nf5 43. Rb5 Ne3 44. Rd8+ Kh7 45. Rc5 Rb7 46.
Nc3 Rb4 47. Kg3 g6 48. Kf2 Nc2 49. Nd5 1-0

[Event "Forcing Moves First Summer-1 op"]
[Site "Mississauga CAN"]
[Date "2023.07.29"]
[Round "2.7"]
[White "Abbas, Sahir"]
[Black "Gao, Heye"]
[Result "1-0"]
[WhiteElo "1962"]
[BlackElo "1876"]
[PlyCount "75"]
[EventDate "2023.07.29"]
[EventType "swiss"]
[EventRounds "5"]
[EventCountry "CAN"]

1. e4 e5 2. Nf3 Nc6 3. d4 exd4 4. Nxd4 Nf6 5. Nc3 Bb4 6. Nxc6 bxc6 7. Bd3 d5 8.
exd5 cxd5 9. O-O O-O 10. Bg5 c6 11. Qf3 Be7 12. h3 h6 13. Bf4 Qb6 14. Rfe1 Qxb2
15. Rab1 Qa3 16. Rb3 Qc5 17. Na4 Qa5 18. Rxe7 Qxa4 19. Bxh6 Qh4 20. Bf4 Nd7 21.
Bd6 Qh6 22. Qg3 c5 23. Bb5 c4 24. Rbe3 d4 25. Re1 Nf6 26. Bc6 Be6 27. Bf4 Qh7
28. Bxa8 Rxa8 29. Be5 Nd5 30. Rb7 d3 31. cxd3 cxd3 32. Bc3 Rf8 33. Bd2 Nb6 34.
Rb8 Nc8 35. a3 Qf5 36. Re5 Qf6 37. Bc3 Rd8 38. Rd5 1-0

[Event "Forcing Moves First Summer-1 op"]
[Site "Mississauga CAN"]
[Date "2023.07.29"]
[Round "3.1"]
[White "Kim, Noah"]
[Black "Singh, Mahip"]
[Result "1/2-1/2"]
[WhiteElo "2064"]
[BlackElo "2112"]
[PlyCount "83"]
[EventDate "2023.07.29"]
[EventType "swiss"]
[EventRounds "5"]
[EventCountry "CAN"]

1. Nf3 d5 2. b3 c5 3. Bb2 Nc6 4. e3 Qc7 5. Bb5 Nf6 6. Ne5 Bd7 7. Bxc6 Bxc6 8.
O-O e6 9. d3 Bd6 10. f4 h5 11. Nd2 h4 12. Qf3 O-O-O 13. Nxc6 Qxc6 14. e4 Bc7
15. exd5 exd5 16. Qh3+ Qd7 17. Qxd7+ Rxd7 18. Rae1 Ba5 19. Re2 Bxd2 20. Bxf6
gxf6 21. Rxd2 Re7 22. Rf3 d4 23. Kf2 Kd7 24. Re2 Rxe2+ 25. Kxe2 Rg8 26. Kf2 Rg4
27. g3 hxg3+ 28. hxg3 b5 29. Kg2 Rg8 30. Rf1 Re8 31. Kf2 Re6 32. Ra1 Ra6 33. a3
Kd6 34. Ke2 Kd5 35. Kd2 c4 36. bxc4+ bxc4 37. dxc4+ Kxc4 38. Rb1 Rxa3 39. Rb7
Rxg3 40. Rxf7 Rg2+ 41. Kc1 Rf2 42. Rxf6 1/2-1/2

[Event "Forcing Moves First Summer-1 op"]
[Site "Mississauga CAN"]
[Date "2023.07.29"]
[Round "3.2"]
[White "Brajkovic, Nikola"]
[Black "Hansen, Troy"]
[Result "0-1"]
[WhiteElo "2008"]
[BlackElo "1998"]
[PlyCount "132"]
[EventDate "2023.07.29"]
[EventType "swiss"]
[EventRounds "5"]
[EventCountry "CAN"]

1. d4 Nf6 2. Nf3 e6 3. c4 d5 4. Nc3 Be7 5. h3 O-O 6. e3 a6 7. Qc2 c5 8. dxc5
Bxc5 9. a3 dxc4 10. Bxc4 b5 11. Be2 Nbd7 12. O-O Bb7 13. b4 Bd6 14. Bb2 Rc8 15.
Rac1 Qe7 16. Rfd1 Rfd8 17. Qb3 h6 18. Ba1 Nb6 19. Nd4 Rc7 20. Bf3 Bxf3 21. Nxf3
Rdc8 22. Ne2 Nc4 23. Bc3 Nd5 24. Be1 Ndb6 25. Ra1 Rd7 26. Ned4 Qf6 27. Ne2 e5
28. Nc3 Qe6 29. Ne4 Rcd8 30. Nxd6 Rxd6 31. Bc3 Na4 32. Rxd6 Qxd6 33. Ne1 Qd5
34. Rc1 f6 35. Ba1 Qd2 36. Rb1 Qe2 37. Qc2 Qxc2 38. Nxc2 Rd3 39. Ne1 Rxa3 40.
Rd1 Kf7 41. Nd3 Rb3 42. e4 g5 43. Kf1 Ke7 44. Ke2 Nab2 45. Nxb2 Nxb2 46. Rb1
Nd3 47. Rxb3 Nc1+ 48. Ke3 Nxb3 49. Bc3 Kd6 50. Kd3 Nc1+ 51. Ke3 Nb3 52. Kd3 h5
53. g4 h4 54. Bb2 a5 55. bxa5 Nxa5 56. Ba3+ Ke6 57. Bc5 Nc6 58. Kc3 Na5 59. Be3
Nc4 60. Bc1 Kd6 61. Kb4 Kc6 62. Be3 Nxe3 63. fxe3 Kb6 64. Kb3 Kc5 65. Kc3 b4+
66. Kd3 Kb5 0-1

[Event "Forcing Moves First Summer-1 op"]
[Site "Mississauga CAN"]
[Date "2023.07.29"]
[Round "3.3"]
[White "Jobo, Greg"]
[Black "Abbas, Sahir"]
[Result "1-0"]
[WhiteElo "2134"]
[BlackElo "1962"]
[PlyCount "69"]
[EventDate "2023.07.29"]
[EventType "swiss"]
[EventRounds "5"]
[EventCountry "CAN"]

1. c4 Nf6 2. Nc3 e5 3. g3 Bb4 4. Bg2 O-O 5. e4 Re8 6. Nge2 Nc6 7. O-O Bf8 8. d3
d6 9. h3 g6 10. f4 Bg7 11. f5 Nd4 12. g4 h6 13. Be3 c5 14. Qd2 Kh7 15. Rf2 Bd7
16. Raf1 g5 17. Ng3 Bc6 18. Bf3 Nxf3+ 19. Rxf3 a6 20. R3f2 Rh8 21. Rh2 Kg8 22.
Nh1 Nd7 23. Nf2 b5 24. Kg2 Nb6 25. b3 b4 26. Ne2 a5 27. h4 f6 28. Rfh1 a4 29.
Nh3 axb3 30. axb3 Kf8 31. Kg3 Ra3 32. hxg5 hxg5 33. Nxg5 Ke7 34. Rxh8 Bxh8 35.
Rh7+ 1-0

[Event "Forcing Moves First Summer-1 op"]
[Site "Mississauga CAN"]
[Date "2023.07.29"]
[Round "3.4"]
[White "Zhao, Jifan"]
[Black "D'Souza, Carina"]
[Result "1-0"]
[WhiteElo "2097"]
[BlackElo "1923"]
[PlyCount "113"]
[EventDate "2023.07.29"]
[EventType "swiss"]
[EventRounds "5"]
[EventCountry "CAN"]

1. e4 c5 2. Nf3 Nc6 3. Bb5 g6 4. c3 Nf6 5. Qe2 Qb6 6. O-O Nxe4 7. Bc4 Nf6 8. d3
Bg7 9. Bg5 O-O 10. h4 d6 11. Bxf6 Bxf6 12. h5 Bg4 13. hxg6 hxg6 14. Bb3 a5 15.
Nbd2 Ne5 16. Nc4 Nxc4 17. Bxc4 Be6 18. a4 Kg7 19. Qe3 Rh8 20. Nh2 Bf5 21. Bb5
Qc7 22. g4 Rxh2 23. Kxh2 Bxg4 24. Kg2 Qc8 25. Rh1 Qf5 26. Rag1 Bg5 27. Qe4 d5
28. Qxf5 Bxf5 29. Kf3 Bf6 30. Ke3 Rh8 31. Rxh8 Kxh8 32. d4 c4 33. f4 Kg7 34.
Rg2 e6 35. b3 cxb3 36. Rb2 Bc2 37. Bd3 Bxd3 38. Kxd3 Bd8 39. Rxb3 b6 40. c4
dxc4+ 41. Kxc4 Kf6 42. Kd3 g5 43. fxg5+ Kxg5 44. Rc3 Kf6 45. Rc6 Ke7 46. Kc4
Kd7 47. Kb5 Bf6 48. Rxb6 Bxd4 49. Rb7+ Kc8 50. Rxf7 Bc3 51. Kc6 Kb8 52. Kb6 Kc8
53. Rc7+ Kb8 54. Rxc3 e5 55. Re3 Ka8 56. Rxe5 Kb8 57. Re8# 1-0

[Event "Forcing Moves First Summer-1 op"]
[Site "Mississauga CAN"]
[Date "2023.07.29"]
[Round "3.5"]
[White "Maulucci, Anthony"]
[Black "Jiang, Hancy"]
[Result "0-1"]
[WhiteElo "2013"]
[BlackElo "1851"]
[PlyCount "120"]
[EventDate "2023.07.29"]
[EventType "swiss"]
[EventRounds "5"]
[EventCountry "CAN"]

1. d4 Nf6 2. c4 g6 3. Nc3 Bg7 4. e4 O-O 5. Nge2 d6 6. f3 e5 7. Bg5 c6 8. Qd2
Qb6 9. d5 cxd5 10. cxd5 Bd7 11. g4 Na6 12. h4 Bb5 13. h5 Nb4 14. Nxb5 Qxb5 15.
Nc3 Qb6 16. a3 Na6 17. Qh2 Rfc8 18. hxg6 hxg6 19. Rd1 Nc5 20. Bxf6 Bxf6 21. g5
Bg7 22. Bh3 Rc7 23. Bg4 Qb3 24. Qe2 a6 25. Kf2 b5 26. Kg3 b4 27. axb4 Qxb4 28.
Rh2 Rb8 29. Rdh1 Rcb7 30. Nd1 Rb6 31. Rh4 Qb3 32. Bh3 Rb4 33. Bf1 Rd4 34. Ne3
Rbb4 35. Kg2 Qxb2 36. Nc2 Rd3 37. Kg1 Rc4 38. Qh2 Kf8 39. Ne1 Rd2 40. Bxc4 Qd4+
41. Kf1 Qxc4+ 42. Kg1 Rxh2 43. R4xh2 Qc1 44. Kf1 Nd3 45. Re2 Nxe1 46. Rxe1 Qxg5
47. Rh2 Qg3 48. Rf2 Bf6 49. Re3 Bg5 50. Ra3 Bh4 51. Re2 g5 52. Rae3 Qf4 53. Kg1
a5 54. Rc3 Qg3+ 55. Kf1 g4 56. Rec2 gxf3 57. Re3 Qh3+ 58. Kg1 f2+ 59. Rxf2 Qxe3
60. Kh1 Bxf2 0-1